Bruno mars Treasure - Full Lyrics - Statistics

General Stats
  • This quiz has been taken 173 times
  • The average score is 255 of 318
Answer Stats
Answers % Correct
i
99%
you
99%
a
98%
your
94%
treasure
93%
Treasure
93%
are
91%
my
90%
what
88%
me
87%
that
87%
baby
86%
is
85%
so
85%
true
82%
oh
81%
come
80%
you're
80%
attention
78%
make
76%
let
75%
wish
75%
star
74%
when
74%
Gimme
72%
gimme
72%
if
71%
be
70%
about
69%
tell
69%
to
69%
golden
68%
fine
67%
girl
67%
in
67%
like
67%
little
66%
sexy
66%
dreams
65%
know
65%
mine
65%
somethin'
65%
it
64%
lady
64%
yeah
64%
yourself
64%
but
62%
everything
59%
gotta
59%
see
59%
want
59%
else
57%
someone
57%
don't
55%
i'm
54%
never
54%
pretty
53%
should
53%
can
51%
honey
51%
show
51%
smilin'
51%
wasn't
51%
blue
50%
gonna
50%
ooh
50%
here
49%
look
48%
say
47%
walk
47%
around
46%
wouldn't
44%
woah
41%
wonderful
39%
flawless
31%
No matching quizzes found
Score Distribution
Percent of People with Each Score
Percentile by Number Answered
Your Score History
You have not taken this quiz